| 000 | 00446nam a22001697a 4500 | ||
|---|---|---|---|
| 005 | 20251205101550.0 | ||
| 008 | 251205b |||||||| |||| 00| 0 eng d | ||
| 020 | _a978-9389211-89-4 | ||
| 050 | _aRC 119.K498 2021 | ||
| 100 | _aKHURANA SUMEETA | ||
| 245 | _aTEXTBOOK OF MEDICAL PARASITOLOGY | ||
| 260 |
_aINDIA _bUNIVERSITIES PRESS _c2021 |
||
| 300 | _aX,370 | ||
| 500 | _aINCLUDES AN INDEX | ||
| 700 | _aMEWARA ABHISHEK | ||
| 942 |
_2lcc _cBK |
||
| 999 |
_c216337 _d216337 |
||